English social history; (Record no. 549813)
[ view plain ]
| 000 -LEADER | |
|---|---|
| fixed length control field | 00511cam a22001331 4500 |
| 082 ## - DEWEY DECIMAL CLASSIFICATION NUMBER | |
| Classification number | 942 |
| Author Mark | TRE |
| -- | L-28, P-16 |
| 100 1# - MAIN ENTRY--PERSONAL NAME | |
| Personal name | Trevelyan, George Macaulay, |
| 9 (RLIN) | 46482 |
| 245 10 - TITLE STATEMENT | |
| Title | English social history; |
| Remainder of title | a survey of six centuries, Chaucer to Queen Victoria, |
| Statement of responsibility, etc. | by G. M. Trevelyan ... |
| 260 ## - PUBLICATION, DISTRIBUTION, ETC. | |
| Place of publication, distribution, etc. | London, |
| -- | New York, |
| Name of publisher, distributor, etc. | Longmans, Green and Co. |
| Date of publication, distribution, etc. | [1946] |
| 300 ## - PHYSICAL DESCRIPTION | |
| Extent | xii, 628 p. |
| Other physical details | illus. (map, plans) diagr. |
| Dimensions | 23 cm. |
| 526 ## - STUDY PROGRAM INFORMATION NOTE | |
| Program name | 0 |
| Interest level | 0 |
| Reading level | 0 |
| Title point value | 942_000000000000000_TRE |
| 650 #7 - SUBJECT ADDED ENTRY--TOPICAL TERM | |
| Topical term or geographic name entry element | Historia Da Europa |
| 9 (RLIN) | 46483 |
| 942 ## - ADDED ENTRY ELEMENTS (KOHA) | |
| Source of classification or shelving scheme | |
| Koha item type | Book |
| Withdrawn status | Lost status | Source of classification or shelving scheme | Damaged status | Not for loan | Permanent Location | Current Location | Date acquired | Total Checkouts | Full call number | Barcode | Date last seen | Price effective from | Koha item type |
|---|---|---|---|---|---|---|---|---|---|---|---|---|---|
| Military College of Engineering (MCE) | Military College of Engineering (MCE) | 10/15/2014 | 942 TRE | MCE-30954 | 10/15/2014 | 10/15/2014 | Book |
